| 000 | 00920nac a22002777a 4500 | ||
|---|---|---|---|
| 001 | BR0602343 | ||
| 003 | BR-BrBNA | ||
| 005 | 20240105123322.0 | ||
| 008 | 230509b bl.|||m| |||| 00| 0 por d | ||
| 040 |
_aBR-BrBNA _bpor _cBiblioteca Nacional de Agricultura |
||
| 072 | _aE14 | ||
| 090 | _aE14 BR0602343 | ||
| 100 | 1 | _aGomes, G.C. | |
| 100 | 1 | _aAtrasas, A.L. | |
| 110 | 1 |
_aEMBRAPA Transferência de Tecnologia, Brasília, DF (Brasil) _93752 |
|
| 245 | 1 | _aDiretrizes para transferência de tecnologia: modelo de incubação de empresas | |
| 260 | 3 |
_aBrasília, DF (Brasil): _c2005. |
|
| 300 | _a36 p. | ||
| 490 |
_aDocumentos - EMBRAPA Transferência de Tecnologia (Brazil) _vno. 2 _xISSN 1679-8791 |
||
| 650 | _aDIFUSÃO DE TECNOLOGIA | ||
| 650 | _aTRANSFERÊNCIA DE TECNOLOGIA | ||
| 650 | _aAGRONEGÓCIO | ||
| 650 | _aEMPRESA | ||
| 909 |
_a202312 _bLúcia Elande _c55 _dLúcia Elande |
||
| 942 |
_2AGRIS _n0 _cMS |
||
| 999 |
_c294929 _d294929 |
||